000 02093nam a22004097a 4500
001 0065984
003 KOHA_MİRAKIL
005 20260207004623.0
007 ta
008 210304b2003 tu |||gr||||#0|||1|tur |
040 _aTR-BiSEU
_btur
_cTR-BiSEU
_erda
041 0 _atur
044 _ctu
050 _aPL248.A96
_bD59 2003
100 0 _aAzmizade Mustafa Haletı.
240 1 0 _aThe divan of 'Azmi-Zade Haleti : introduction and facsimile edition of the manuscript Topkapı Sarayı Müzesi Kütüphanesi Hazine 894
_lTürkçe
245 1 _aAzmi-Zade Haleti divanı :
_bgiriş ve divan'ın tıpkıbasımı :
_bTopkapı Sarayı Müzesi Kütüphanesi Hazine 894 =
_bThe divan of 'Azmi-Zade Haleti :
_bintroduction and facsimile edition of the manuscript Topkapı Sarayı Müzesi Kütüphanesi Hazine 894/
_cAzmizade Mustafa Haletı ; Azmizade Mustafa Haletı; hazırlayan Bayram Ali Kaya.
264 1 _aCambridge, Mass. :
_bHarvard Ünv. Yakındoğu Dilleri ve Medeniyeti Blm.
_c2003
300 _a2 cilt: tıpkıbasım; 28 cm.
336 _ametin
_btxt
_2rdacontent
337 _aaracısız
_bn
_2rdamedia
338 _acilt
_bnc
_2rdacarrier
490 1 _aDoğu dilleri ve edebiyatlarının kaynakları ;
_v57-58.
490 1 _a Türkçe kaynaklar ;
_v49-50 =
_a Sources of Oriental languages and literatures ;
_v57-58.
490 1 _a Turkish sources ;
_v49-50.
500 _aKaynakça ve dizin var.
505 _aContents : Hayatı, Edebi kişiliği, eserleri ve divanının tenkidli metni -- Giriş ve Divanın tıpkıbasımı Topkapı Sarayı Müzesi Kütüphanesi Hazine 894.
650 0 _aAzmizade Haleti--İnceleme.
_9124274
650 0 _aDivan şiiri--İnceleme.
_920751
650 0 _aTurkic Languages--History.
_9124275
650 0 _aAzmi-zade Haleti--Dıvan literature.
_9124276
830 1 _aDoğu dilleri ve edebiyatlarının kaynakları ;
_v57-58.
_985097
830 1 _a Türkçe kaynaklar ;
_v49-50 =
_a Sources of Oriental languages and literatures ;
_v57-58.
_9124189
830 1 _a Turkish sources ;
_v49-50.
_9124190
907 _aEdebiyat
942 _2lcc
_cBK
999 _c66367
_d66367